[Event "IPCA Wch 21st"]
[Site "Ashdod"]
[Date "2022.05.10"]
[Round "2"]
[White "Frumin, Rebeka"]
[Black "Pilimon, Zbigniew"]
[Result "1-0"]
[WhiteElo "1319"]
[BlackElo "1620"]
[PlyCount "71"]
[EventDate "2022.05.09"]
[EventType "swiss"]
[EventRounds "9"]
[EventCountry "ISR"]
[SourceTitle "CBM 208 Extra"]
[Source "ChessBase"]
[SourceDate "2022.07.31"]
[SourceVersion "1"]
[SourceVersionDate "2022.07.31"]
[SourceQuality "1"]

1. e4 c5 2. Nf3 d6 3. d4 cxd4 4. Nxd4 Nf6 5. Nc3 a6 6. a4 e5 7. Nf3 Be6 8. Bg5 Be7 9. Bxf6 Bxf6 10. Nd5 Be7 11. Ra3 Nd7 12. Rd3 Nc5 13. Re3 Nxa4 14. c4 Nb6 15. Be2 Rc8 16. b3 0-0 17. 0-0 f5 18. exf5 Bxd5 19. cxd5 Rc5 20. g4 Nxd5 21. Bc4 Qa5 22. b4 Qxb4 23. Bxd5+ Kh8 24. Re4 Qb6 25. Be6 Qc6 26. Re3 b5 27. Nd2 Bg5 28. Re2 Bf4 29. Ne4 Rc1 30. Qxd6 Rxf1+ 31. Kxf1 Qxd6 32. Nxd6 h6 33. Nf7+ Kh7 34. Nxe5 Bxh2 35. f3 Bf4 36. Ng6 1-0